| 000 | 00530nam a2200205Ia 4500 | ||
|---|---|---|---|
| 008 | 170918s9999 xx 000 0 und d | ||
| 020 | _a9780590474832 | ||
| 050 | _bL668 1994 | ||
| 100 | _aLevy, Elizabeth | ||
| 245 | 4 | _aThe school yard mystery / | |
| 245 | _cElizabeth Levy ; illustrated by Denise Brunkus. | ||
| 260 | _aNew York : | ||
| 260 | _bScholastic, | ||
| 260 | _c1994 | ||
| 300 | _aunpaged : | ||
| 300 | _bcolored illustration ; | ||
| 300 | _c23cm. | ||
| 440 | _aScholastic reader level 4. | ||
| 500 | _a410 | ||
| 999 |
_c341380 _d341380 |
||